Mrs. caldwell habla con su hijo /

Guardado en:
Autor Principal: Cela, Camilo José
Otros Autores: Trulock, Jorge C. pról.
Formato: Libro
Publicado: Navarra : Salvat, 1982
Series:Biblioteca Básica Salvat; No. 6
Materias:
Etiquetas: Agregar Etiqueta
Sin Etiquetas, Sea el primero en etiquetar este registro!
LEADER 00687nam a22002295a 4500
001 CEM.cems012974
005 20081006085624.0
008 130507s1982##################000#0#####d
003 CEMS
020 |a 8434580098 
082 0 4 |a 863.6 
100 1 |a Cela, Camilo José 
245 1 0 |a Mrs. caldwell habla con su hijo /  |c Camilo José Cela ; prólogo de Jorge C. Trulock 
260 |a Navarra :  |b Salvat,  |c 1982 
300 |a 185 p. 
490 0 |a Biblioteca Básica Salvat; No. 6 
653 |a Literatura 
653 |a Literatura española 
653 |a Novelas 
653 |a Novela española 
700 1 |a Trulock, Jorge C. pról. 
859 |a CEMS  |b BIB. CEMS - 11 de abril  |h 863.6  |i C33-2  |p 25280.08  |t Ej.1